| 000 | 00604nam a22002177a 4500 | ||
|---|---|---|---|
| 999 |
_c8715 _d8715 |
||
| 001 | 8715 | ||
| 003 | BD-JhCC | ||
| 005 | 20180301142327.0 | ||
| 008 | 180301b1999 bg ||||| |||| 00| 0 ben d | ||
| 035 | _a(BD-JhCC)8715 | ||
| 040 |
_aBD-JhCC _dBD-JhCC |
||
| 041 | _aben | ||
| 082 |
_a581.19205 _bGON 1999 |
||
| 100 | _aগনি, আবদুল | ||
| 245 |
_aভেষজরসায়ন / _cআবদুল গনি |
||
| 260 |
_aঢাকাঃ _bবাংলা একাডেমী _c1999. |
||
| 300 |
_a408 p. : _c23 cm. |
||
| 650 | _aBotanical Chemistry | ||
| 942 |
_2ddc _cBK |
||